000 00405nam a22001577a 4500
020 _a0-19-568699-3
082 _a510
_bPIC/W
100 _aPICKOVER, CLIFFORD A
245 _aWONDERS OF NUMBERS
250 _aFIRST EDITION
260 _aNEWYORK
_bOXFORD UNIVERSITY PRESS
_c2001
300 _a396
520 _aADVENTURES IN MATHEMATICS, MIND AND MEANING
650 _aMATHS REFERENCE
_zINDIA
942 _cBK
999 _c1287
_d1287